| 000 | 00984cam a2200265 i 4500 | ||
|---|---|---|---|
| 999 |
_c18535 _d18535 |
||
| 001 | 2264495 | ||
| 005 | 20161221161204.0 | ||
| 008 | 780606s1978 nyua 001 0deng | ||
| 010 | _a 78018371 | ||
| 020 |
_a0828130647 : _c$34.95. _a0828130728 _c$39.95 |
||
| 040 |
_aDLC _cDLC _dDLC |
||
| 050 | 0 | 0 |
_aNA7120 _b.T46 |
| 100 | 1 |
_aThorndike, Joseph Jacobs, _d1913- |
|
| 245 | 1 | 4 |
_aThe magnificent builders and their dream houses / _cby Joseph J. Thorndike Jr. and the editors of American Heritage. |
| 260 |
_aNew York : _bAmerican Heritage Pub. Co. : book trade distribution by Simon and Schuster, _cc1978. |
||
| 300 |
_a352 p. : _bill. (some col.) ; _c29 cm. |
||
| 500 | _aIncludes index. | ||
| 650 | 0 | _aArchitecture, Domestic. | |
| 650 | 0 | _aBiography. | |
| 730 | _aAmerican heritage. | ||
| 942 |
_2lcc _cBOOKS _hNA7120 .T46 1978 |
||